El 98, una vaguada en perspectiva de continuidades : (Record no. 169343)

MARC details
000 -LEADER
campo de control de longitud fija 00982nam a22002295i 4500
001 - NÚMERO DE CONTROL
campo de control 169343
003 - IDENTIFICADOR DE NÚMERO DE CONTROL
campo de control ES-MaACL
005 - FECHA Y HORA DE LA ÚLTIMA TRANSACCIÓN
campo de control 20240228214409.0
008 - DATOS DE LONGITUD FIJA--INFORMACIÓN GENERAL
campo de control de longitud fija 080901s1997 sp |||| | spa d
080 ## - NÚMERO DE LA CLASIFICACIÓN DECIMAL UNIVERSAL
Número de la Clasificación Decimal Universal 946.0"1898"
100 1# - ENTRADA PRINCIPAL--NOMBRE DE PERSONA
Nombre de persona Pérez de Tudela y Bueso, Juan,
Fechas asociadas al nombre 1922-2004
9 (RLIN) 90810
245 13 - MENCIÓN DEL TÍTULO
Título El 98, una vaguada en perspectiva de continuidades :
Resto del título [en 1898, enfoques y perspectivas] /
Mención de responsabilidad, etc. Juan Pérez de Tudela y Bueso.
260 ## - PUBLICACIÓN, DISTRIBUCIÓN, ETC.
Lugar de publicación, distribución, etc. [San Juan de Puerto Rico :
Nombre del editor, distribuidor, etc. Academia Puertorriqueña de la Historia,
Fecha de publicación, distribución, etc. 1997]
300 ## - DESCRIPCIÓN FÍSICA
Extensión P. 161-194 ;
Dimensiones 22 cm.
595 ## -
-- Separata de: Simposio Internacional de Historiadores en torno al 1898, San Juan de Puerto Rico, 1997.
595 ## -
-- Datos de publ. facilitados por Isabel Pérez de Tudela.
651 #4 - PUNTO DE ACCESO ADICIONAL DE MATERIA--NOMBRE GEOGRÁFICO
Nombre geográfico Puerto Rico-
Subdivisión general Historia-
Subdivisión cronológica 1810-1898.
9 (RLIN) 158600
651 #4 - PUNTO DE ACCESO ADICIONAL DE MATERIA--NOMBRE GEOGRÁFICO
Nombre geográfico España-
Subdivisión general Historia-
Subdivisión cronológica 1898
9 (RLIN) 8272
710 2# - ENTRADA AGREGADA--NOMBRE DE ENTIDAD CORPORATIVA
Nombre de entidad corporativa o nombre de jurisdicción como elemento de entrada Academia Puertorriqueña de la Historia.
9 (RLIN) 1218
852 ## - LOCALIZACIÓN
Ubicación ES-MaACL
Número de control de estantería 2234-F-7
Holdings
Estatus retirado Estado de pérdida Estado de daño No para préstamo Colección Biblioteca de origen Biblioteca actual Ubicación en estantería Fecha de adquisición Fuente de adquisición Total de préstamos Signatura topográfica completa Código de barras Visto por última vez Precio de reemplazo Tipo de ítem Koha
        Colección de folletos Biblioteca del Ateneo de Madrid Biblioteca del Ateneo de Madrid Depósito folletos 01/09/2008     2234-F-7 1177787 23/02/2023 23/02/2023 Folleto